Bytový dom

Guardado en:
Detalles Bibliográficos
Autor principal: Gachová, Natália (Autor)
Otros Autores: Žilinský, Juraj (Orientador)
Formato: Manuscrito Libro
Lenguaje:eslovaco
Publicado: 2019
Materias:
Acceso en línea:http://is.stuba.sk/zp/portal_zp.pl?podrobnosti=124825
https://opac.crzp.sk/?fn=detailBiblioForm&sid=72994EA9AD52E4DE4F9E48064587
Etiquetas: Agregar Etiqueta
Sin Etiquetas, Sea el primero en etiquetar este registro!

MARC

LEADER 00000ntm a22000003a 4500
001 stuzp73449
003 SK-STU
005 20230530110353.4
007 ta
008 150427s2015----xo-----f-mn---000-0-slo-d
040 |a STU  |b slo 
041 0 |a slo 
100 1 |a Gachová, Natália  |u 010180  |4 aut  |U SvF Stavebná fakulta  |T SvF Katedra konštrukcií pozemných stavieb  |X 81136  |U V180  |Y 18  |7 81136 
242 0 1 |a Flat hause  |y eng 
245 1 0 |a Bytový dom 
260 |c 2019 
650 4 |a bytový dom s polyfunkciou  |2 slo 
650 4 |a bytové jednotky  |2 slo 
650 4 |a konštrukčné riešenie  |2 slo 
650 4 |a apartment polyfunction house  |2 eng 
650 4 |a dwelling units  |2 eng 
650 4 |a , design of construction  |2 eng 
700 1 |a Žilinský, Juraj  |u 010180  |k Z1  |4 ths  |U SvF Stavebná fakulta  |T SvF Katedra konštrukcií pozemných stavieb  |X 556  |U V180  |Y 18  |7 A000000556 
856 4 |u http://is.stuba.sk/zp/portal_zp.pl?podrobnosti=124825 
856 4 |u https://opac.crzp.sk/?fn=detailBiblioForm&sid=72994EA9AD52E4DE4F9E48064587